000 00314nam a22001337a 4500
008 170403b xxu||||| |||| 00| 0 eng d
020 _a9780881338317
041 _aeng
080 _a574
100 _a9
101 _aSHM
245 _aOUR GLOBAL ENVIROMENT A HEALTH PERSPECTIVE
_cNADAKAVUKAREN.A
942 _2udc
_cBK
999 _c9520
_d9520